00809nam a2200169 a 450000100100000000500170001000800410002704000250006810000380009324501980013126000600032930000360038950400590042570000330048495201050051799900170062200003872320201002031341.0110401s1984 dr b 000 0 spa d aDO-SdBNPbspacBNPHU1 aPérez O. P., Juna Manuel95458710aEstos ¿no son hombres? :blectura actual del proyecto Apóstolico de la Primera Comunidad de Dominicos en el Nuevo Mundo /cFray Juan Manuel Pérez O. P. ; prólogo Fray Vicente Rubio O. P. aSanto Domingo :bFundación García Arévalo,c1984. a123 p. :bil., retrs. ;c21 cm. aIncluye referencias bibliográficas y notas al pie de12aRubio, Vicenteeprol.925473 0010718PDaPDbPDcCTd2013-04-19iLF1l0o p38723-10r2020-06-25w2020-06-25yLFPDZNo se presta c38213d38213